Mission Impossible Quiz - Statistics

General Stats
  • This quiz has been taken 417 times
  • The average score is 4 of 10
Answer Stats
Answer % Correct
What is the name of Tom Cruise's character ethan hunt
99%
In which movie did the character benji appear first? mission impossible 3
77%
At the start of mission impossible 2, what type of transport is shown? plane
43%
In mission impossible 3, what is the name of the object that Davian (bad guy) is trying to obtain? rabbits foot
39%
What is agent Brandt's first name? william
37%
What is Luther's job? computer specialist
33%
In mission impossible:ghost protocol, which document did the agents make a copy of? nuclear launch codes
27%
In mission impossible, who turns out to be the mole? jim phelps
23%
In mission impossible 5:ghost protocol, who confirms the existence of The Syndicate? british prime minister
16%
In the same movie, who actually gets executed whilst disguised as Julia? davian's head of security
1%
No matching quizzes found
Score Distribution
Percent of People with Each Score
Percentile by Number Answered
Your Score History
You have not taken this quiz